| 000 | 01047nas a2200361 4500 | ||
|---|---|---|---|
| 001 | BR2012009623 | ||
| 003 | BR-BrBNA | ||
| 005 | 20231205121639.0 | ||
| 007 | ta | ||
| 008 | 230509b bl.|||p| |||| 00| 00por d | ||
| 040 |
_aBR-BrBNA _bpor _cBiblioteca Nacional de Agricultura |
||
| 041 | _a(Pt) | ||
| 072 | _aQ04 | ||
| 100 | 1 | _aFreitas, E.R. | |
| 100 | 1 | _aBorges, A. da S. | |
| 100 | 1 | _aTrevisan, M.T.S. | |
| 100 | 1 | _aWatanabe, P.H. | |
| 100 | 1 | _aCunha, A.L. da | |
| 100 | 1 | _aPereira, A.L.F. | |
| 100 | 1 | _aAbreu, V.K. | |
| 100 | 1 | _aNascimento, G.A.J. do | |
| 245 | 1 | _aExtratos etanólicos da manga como antioxidantes para frangos de corte | |
| 650 | _aFRANGO DE CORTE | ||
| 650 | _aMANGA | ||
| 650 | _aANTIOXIDANTE | ||
| 650 | _aVALOR NUTRICIONAL | ||
| 650 | _aÁCIDO GRAXO | ||
| 650 | _aRAÇÃO | ||
| 650 | _aGANHO DE PESO | ||
| 773 | 0 |
_tPesquisa Agropecuária Brasileira (Brazil) _xISSN 0100-204X _g(Aug 2012), v. 47(8) p. 1025-1030 _wBR2012009623 |
|
| 909 |
_a202311 _bLúcia _c55 _dLúcia Elande |
||
| 942 |
_2AGRIS _n0 _cANA |
||
| 999 |
_c224543 _d224543 |
||